000 00516nam a22001697a 4500
003 BD-ChCU
005 20260106113347.0
008 260106b bg ||||| |||| 00| 0 ben d
040 _cBD-ChCU
082 _a338.91 SHM
100 _aShonfieid , Andrew .
_918682
245 _aModern capitalism :
_bthe changing balance of public and private power ./
_cAndrew , Shonfieid .
260 _aLondon :
_bO.U.P.
_cC 1965
300 _axvi , 456p
650 0 _aCapitalism . Economics policy .
_918685
942 _2ddc
_cBK
_n0
999 _c110744
_d110744